000 00437nam a2200181Ia 4500
001 1562
005 20260306143737.0
008 260306t2015||||xx |||||||||||||| ||spa||
041 _aESP
082 _a150.983
_bS17
100 _aSalas, Gonzalo
_eAUT
245 0 _aRaíces de la psicología científica en Chile
260 _c2015
300 _a138 páginas :
_c21 cm.
650 _aGEN
654 _aCPS
942 _cLIB
_dJUS
_fJUS
_2ddc
_n
999 _c1562
_d1562